Cities by Their Native Name - Statistics

General Stats
  • This quiz has been taken 14 times
  • The average score is 11 of 15
Answer Stats
Name Answer % Correct
Københaven Copenhagen
100%
Dubayy Dubai
100%
Milano Milan
100%
Jiddah Jeddah
93%
Ciudad de México Mexico City
93%
München Munich
93%
Thành Phô Hô Chí Minh Ho Chi Minh City
86%
Ar-Riyādh Riyadh
86%
Muqdisho Mogadishu
79%
Krung Thep Bangkok
71%
Al-Qāhirah Cairo
71%
Nižnij Novgorod Nizhny Novgorod
64%
Čeljabinsk Chelyabinsk
50%
București Budapest
29%
Halab Aleppo
14%
No matching quizzes found
Score Distribution
Percent of People with Each Score
Percentile by Number Answered
Your Score History
You have not taken this quiz